000 00503cas a22001815a 4500
001 L138982
008 070719c1999 xxktr p 0 a0eng u
035 _a(Sirsi) u138982
041 0 _aeng
110 2 _aBritish Constructional Steelwork Association
_91564
245 0 0 _aSteel Construction News
260 _aLondon
_bBCSA
_c1999-
362 0 _a(20) May 2005-
554 _aThree per year
651 4 _aUnited Kingdom
_y
690 _aBUILT ENVIRONMENT-BUILDING MATERIALS-METAL-STEEL
942 _n0
999 _c119061
_d119061